| 000 | 00443nam a22001337a 4500 | ||
|---|---|---|---|
| 040 | _cNUST | ||
| 082 | _a220 PRO | ||
| 100 |
_aNs Syed Saqeeb Ul Hassan Ns Muhammad Nauman Tariq Ns Hussain Asghar _985418 |
||
| 110 |
_aProject Supervisors Dr. Umar Farooq Dr. Ahsan Shahzad _985419 |
||
| 245 | _aPR-SOF-2000-Network Accessibility Solution | ||
| 260 |
_aISLAMABAD: _bNUST COLLEGE OF EME, _c2021. |
||
| 650 |
_aDE-COMP-39 _985420 |
||
| 942 |
_2ddc _cPR |
||
| 999 |
_c586965 _d586965 |
||